Guess the Lyrics - 70's #2 - Statistics

General Stats
  • This quiz has been taken 61 times
  • The average score is 125 of 223
Answer Stats
Answer % Correct
A
96%
the
92%
you
92%
You
92%
you,
92%
to
88%
and
86%
we
82%
Who
82%
do?
80%
do
80%
me
80%
when
80%
are?
78%
are
78%
be
78%
in
76%
What
76%
on
74%
on,
74%
love
72%
your
72%
think
62%
Why
62%
earth,
60%
earth
60%
of?
60%
of
60%
there
60%
world
60%
you're
58%
all
56%
Going
56%
going
56%
not
54%
get
52%
How
52%
gonna
50%
Gonna
50%
It's
50%
see?
46%
up
46%
like
44%
Like
44%
one
44%
yeah,
42%
Yeah,
42%
yeah
42%
at
38%
Every
38%
here?
36%
right
36%
Well,
36%
moon
34%
stars
34%
come
32%
Come
32%
face
30%
head
30%
look
30%
sun
30%
off
28%
shine
28%
Instant
26%
live
26%
thinking
26%
together
26%
together,
26%
better
22%
Better
22%
dead
22%
Karma's
22%
knock
22%
soon
22%
superstar?
22%
John Lennon & Yoko Ono
20%
darling
18%
feet
18%
human
18%
Join
18%
race
18%
Instant Karma!
16%
meet
16%
Pretty
16%
trying
16%
yourself
16%
fools
14%
Laughing
14%
Alright
10%
Everyone,
10%
fear?
10%
pain
8%
Three,
8%
brothers
6%
everywhere
6%
four
6%
recognise
6%
Surely
6%
share
4%
No matching quizzes found
Score Distribution
Percent of People with Each Score
Percentile by Number Answered
Your Score History
You have not taken this quiz